| 000 | 00983cab a22001935a 4500 | ||
|---|---|---|---|
| 001 | L141891 | ||
| 008 | 080109e20080104xxk f 000 0 eng d | ||
| 035 | _a(Sirsi) u141891 | ||
| 041 | 0 | _aeng | |
| 100 | 1 | _aEade, Christine | |
| 245 | 0 | 0 |
_aRegional _bChannel Islands |
| 260 | _c2008 | ||
| 490 |
_aProperty Week _v73(1) 4 January 2008, 57-64(6) |
||
| 520 | _aReports that the property investor network Hotbed has paid £35m for a Guernesey seafront office development, in a deal financed significantly by local investors. Surveyors in Jersey are opposing a massive office development in St Helier over concerns that it will monopolise the market. Guernsey's Royal Chambers office scheme has achieved rents far in advance of expectation. The island is also seeing a new era in its retail market. Also covers recent property market stories in brief. | ||
| 590 | _aKA | ||
| 651 | 4 | _aCHANNEL ISLANDS | |
| 690 | _aPROPERTY-COMMERCIAL PROPERTY-COMMERCIAL PROPERTY MARKET | ||
| 942 | _n0 | ||
| 999 |
_c79646 _d79646 |
||